00297nam a2200133Ia 45000030006000000080041000060400015000471000025000622450028000872500010001152600009001255460012001340050017001460STCL150530s9999 xx 000 0 und d aSTCLcSTCL aSwift; Colum; Editor aPoems of Jonathan Swift aFirst c1962 aEnglish20220125170914.0